000
00435nam a2200133Ia 4500
008
100328s9999 xx 000 0 und d
082
_b
45466
100
_a
मांडे अरुण-अनु.
245
_a
वाईल्ड कार्ड
260
_b
मेहता पब्लिशिंग हाऊस
630
_a
वाईल्ड कार्ड
730
_a
वाईल्ड कार्ड
942
_c
BOOK
999
_c
533593
_d
533590